Handbook of Pharmaceutical Quality Assurance: (Record no. 183075)
[ view plain ]
| 000 -LEADER | |
|---|---|
| fixed length control field | 00604 a2200205 4500 |
| 005 - DATE AND TIME OF LATEST TRANSACTION | |
| control field | 20250602161918.0 |
| 010 ## - LCCN (DPL NO) | |
| LC control number | ENG-130347 ENG-145158 |
| 020 ## - INTERNATIONAL STANDARD BOOK NUMBER | |
| Terms of availability | 1375.00 |
| International Standard Book Number | 978-035254-457-8 |
| 035 ## - SYSTEM CONTROL NUMBER | |
| System control number | EN-113879 |
| 035 ## - SYSTEM CONTROL NUMBER | |
| System control number | EN-128690 |
| 037 ## - SOURCE OF ACQUISITION | |
| Source of stock number/acquisition | DBAD |
| 082 ## - DEWEY DECIMAL CLASSIFICATION NUMBER | |
| Classification number | 615.19 |
| 100 ## - MAIN ENTRY--PERSONAL NAME | |
| Personal name | Shenoy, Premnath |
| 245 ## - TITLE STATEMENT | |
| Title | Handbook of Pharmaceutical Quality Assurance: |
| Statement of responsibility, etc | Premnath Shenoy |
| 250 ## - EDITION STATEMENT | |
| Edition statement | 2016 |
| 260 ## - PUBLICATION, DISTRIBUTION, ETC. (IMPRINT) | |
| Name of publisher, distributor, etc | Omkar Offset Printers |
| Date of publication, distribution, etc | 2016 |
| Place of publication, distribution, etc | Bangalore |
| 270 ## - ADDRESS | |
| City | Bangalore |
| Address | No. 3 NT Pet |
| Postal code | 02 |
| 300 ## - PHYSICAL DESCRIPTION | |
| Extent | xvii, 329p. |
| Dimensions | 24cm (hbk) |
| 942 ## - ADDED ENTRY ELEMENTS (KOHA) | |
| Institution code [OBSOLETE] | dpl |
| Item type | English Books |
| Source of classification or shelving scheme | Dewey Decimal Classification |
| Classification part | 615.19 |
| Call number suffix | SHE |
| Withdrawn status | Lost status | Not for loan | Collection code | Home library | Current library | Date acquired | Source of acquisition | Cost, normal purchase price | Full call number | Barcode | Copy number | Cost, replacement price | Koha item type |
|---|---|---|---|---|---|---|---|---|---|---|---|---|---|
| Non-fiction | Mobile Library | Mobile Library | 02/06/2025 | Delivery of Books Act Division | 1375.00 | 615.19 SHE | EN-128690 | 1 | 1375.00 | English Books | |||
| Non-fiction | Shahdara Branch | Shahdara Branch | 16/12/2021 | DBAD/PUB | 1375.00 | 615.19 SHE | EN-113879 | 1 | 1375.00 | English Books |
